|
|
|
|
| LEADER |
00590 a2200169 4500 |
| 008 |
200212b ||||| |||| 00| 0 eng d |
| 999 |
|
|
|c 344935
|d 344935
|
| 020 |
|
|
|a 9780857526113
|
| 082 |
|
|
|a 823.914A4 BIG
|
| 100 |
|
|
|a Atkinson, Kate
|
| 245 |
|
|
|a Big sky /
|c Kate Atkinson
|
| 260 |
|
|
|b Doubleday,
|c 2019
|a Great Britain :
|
| 300 |
|
|
|a 356p. ;
|c 23cm.
|
| 490 |
|
|
|a Jackson Brodie series
|
| 650 |
|
|
|a English Fiction
|
| 942 |
|
|
|2 ddc
|c BK
|
| 952 |
|
|
|0 0
|1 0
|2 ddc
|4 0
|6 823_000000000000000_914A4_BIG
|7 3
|9 396853
|a UL
|b UL
|c ST1
|d 2020-10-20
|e 176
|g 443.26
|l 0
|o 823.914A4 BIG
|p 101710
|r 2020-10-20
|v 599.00
|w 2020-10-20
|y BK
|